Gerichte mit geografischen Namen - Statistics

General Stats
  • This quiz has been taken 37 times
  • The average score is 4 of 16
Answer Stats
Hint Answer % Correct
Dünnes, paniertes, gebratenes Kalbsschnitzel benannt nach einer Hauptstadt Wiener Schnitzel
97%
Einwanderer aus Italien machten dieses Gericht aus Pasta und Hackfleisch beliebt Spaghetti Bolognese
62%
Fettgebackenes mit Marmelade gefüllt Berliner
59%
Frikadelle serviert in einem Brötchen, das nach einer norddeutschen Stadt benannt ist Hamburger
53%
Feta-Käse, Oliven, Tomaten und Gurken sind die Hauptzutat dieses nach einem mediterranen Land benannten Gerichts Griechischer Salat
35%
Eine Stadt in der Schweiz gibt Fleischstreifen mit Wein, Sahne und Pilzen ihren Namen Züricher Geschnetzeltes
29%
Sushi von innen nach außen gerollt mit Krabben und Avocado, benannt nach einem US-Bundesstaat California Roll
24%
Die Amerikaner nennen es Hash Browns, die Schweizer nach Ihrer Hauptstadt Berner Rösti
12%
Eine Region Ostfrankreichs ist berühmt für dieses spezielle Art Pizza Elsässer Flammkuchen
12%
Dieser Vogel wird gewürzt, in einem speziellen Ofen knusprig gebacken und mit Lauch, Gurke, Hoisinsauce und Pfannkuchen serviert Peking Ente
12%
Ein Ragout aus Schweinefleisch und Sauerkraut benannt nach einer Stadt in Ungarn Szegediner
12%
Ein skandinavisches Land gibt Vanilleeis mit Schokoladensauce seinen Namen Cup Dänemark
9%
Eine dicke Suppe aus Lamm oder Hammelfleisch ist das typische Gericht eines Inselstaates in Europa Irish Stew
9%
Ein Dessert im Souffle-Stil, benannt nach einer Stadt in Österreich Salzburger Nockerln
9%
Ein Wein von einer portugiesischen Insel gibt diesem trockenen Kuchen seinen Namen Madeira Kuchen
6%
Ukrainisch: Butter umgeben von Hähnchenfilet zusammengehalten mit Panade Hühnchen Kiew
3%
No matching quizzes found
Score Distribution
Percent of People with Each Score
Percentile by Number Answered
Your Score History
You have not taken this quiz